000
00196 a2200097 4500
001
9368
100
_a
Latowrette, K S
245
_a
The Chinese.
260
_a
_b
Macmillan
_c
090
_c
7529
_d
7529
942
_a
NUST-CAE
_c
M
_c
34188
999
_c
244441
_d
244441